| 000 | 00420nam a2200193Ia 4500 | ||
|---|---|---|---|
| 008 | 210210b1943 xxu||||| |||| 00| 0 eng d | ||
| 041 | _aeng | ||
| 082 | _a444/383 | ||
| 100 | _aMICHA (A) | ||
| 245 | _aVerlaine et les poets symbolistes | ||
| 260 |
_aParis _b- _c1943 |
||
| 650 | _aVerlaine | ||
| 650 | _asymbolistes | ||
| 650 | _apoets | ||
| 650 | _ales | ||
| 650 | _aet | ||
| 690 | _aFrench | ||
| 906 | _a006578 | ||
| 999 |
_c129567 _d129567 |
||